000 00532nam a2200181Ia 4500
008 230718s9999 xx 000 0 und d
020 _a9788181476524
041 _aeng
082 _a621.382'1
_bWAL
100 _aWalrand J.
_9110034
245 _aHigh-Performance Communication Networks
250 _a2nd ed.
260 _c2009
_bMorgan Kaufmann/Elsevier
300 _a693
_dRef 410 G (47325)
365 _cRs.
_b450.00
700 _aWalrand J. & Varaiya P.
_9110035
906 _dO:0261824-Feb-2012B:282925-Jan-2012
_cIT
_b562.5
999 _c330118
_d330118